| 000 | 01528nam a22004577a 4500 | ||
|---|---|---|---|
| 003 | CHAP | ||
| 005 | 20220329140052.0 | ||
| 008 | 971013s1993 r 00010 d | ||
| 010 | _a46488 | ||
| 011 | _a47460 | ||
| 035 | _a51602 | ||
| 040 | _cCHAP | ||
| 082 |
_a526.8 _bA5 |
||
| 100 | 0 | 0 |
_aAlegria Gayoaga, Elvira. _93739 |
| 245 |
_aCartografía histórica _b: Siglo XIX-XX : (Proyección A. Peters) |
||
| 260 |
_aMadrid : _bAkal, S. A., _c1993 |
||
| 300 |
_a341 p. _b: ilus. ; mapas |
||
| 590 |
_aBATCH-UPD _b10 _c20130110 _lUCH01 _h0206 |
||
| 590 |
_aBATCH-UPD _b10 _c20130110 _lUCH01 _h1813 |
||
| 590 |
_aBATCH-UPD _b10 _c20130410 _lUCH01 _h1148 |
||
| 590 |
_aBATCH-UPD _b10 _c20130914 _lUCH01 _h0418 |
||
| 590 |
_aBATCH-UPD _b10 _c20130914 _lUCH01 _h2047 |
||
| 590 |
_aCONVERSION _b10 _c20130109 _lUCH01 _h1325 |
||
| 650 | 1 | 4 |
_aAfrica _xHistoria. _91038 |
| 650 | 1 | 4 |
_aAfrica _xMapas. _91040 |
| 650 | 1 | 4 |
_aAmerica del Norte _xHistoria. _95379 |
| 650 | 1 | 4 |
_aAmerica del Sur _xHistoria. _95384 |
| 650 | 1 | 4 |
_aAsia _xMapas. _97943 |
| 650 | 1 | 4 |
_aCartografía. _919644 |
| 650 | 1 | 4 |
_aChina _xHistoria. _922563 |
| 650 | 1 | 4 |
_aEuropa _xHistoria. _938870 |
| 650 | 1 | 4 |
_aEuropa _xMapas. _938871 |
| 650 | 1 | 4 |
_aJapón _xHistoria. _961085 |
| 650 | 1 | 4 |
_aU.R.S.S. _xHistoria. _9115769 |
| 650 | 1 | 4 |
_aU.R.S.S. _xMapas. _9115771 |
| 700 | 0 |
_aFernández de la Hoz, Paloma. _940150 |
|
| 700 | 0 |
_aTrejo Varela, María Blanca. _9114795 |
|
| 901 | _aBK | ||
| 942 | _cLIBRO | ||
| 949 |
_a526.8 A5 _bBC _cC _d33724000492740 _eC _gI. 172778 _h89549 _i51602 _si _t150.00 |
||
| 999 |
_c46488 _d46488 |
||